Statystyki dla Państwa według obrazu satelitarnego #5

Kliknij tutaj aby rozwiązać quiz!

Ogólne statystyki

  • Ten quiz został rozwiązany 7 611 razy
  • Średni wynik to 10 z 16

Statystyki odpowiedzi

Odpowiedź% Poprawnych
Japonia
99%
Kanada
96%
Grecja
94%
Indonezja
89%
Madagaskar
89%
Sri Lanka
80%
Jemen
74%
Tajlandia
68%
Maroko
67%
Peru
60%
Wenezuela
56%
Malta
51%
Timor Wschodni
39%
Namibia
31%
Vanuatu
23%
Belize
10%

Rozkład punktacji

Percentyl według liczby udzielonych odpowiedzi

Procent ludzi z każdym wynikiem

Twoja historia wyników

Nie rozwiązałeś tego quizu